00614nam a22001457a 4500999001700000008004100017050003100058100002200089245014800111260003500259300002600294521001200320942003200332952010400364 c29841d29841180920b xxu||||| |||| 00| 0 eng d aHN 780.M83 2011b.M83 2011 aDaniel m. mwaniki aFactors leading to voluntary labour turnover of accountants in microfinance institutions :bA case study of kenya women women finance trust/ akenya:bDaniel Mwaniki.c2011. a48p. :bill, ;c30cm. aMasters 2lcccT & DhHN 780.M83 2011 00102lcc4070aMUCbMUCcAFRd2018-09-20l0oHN 780.M83 2011pTD24r2018-11-16w2018-09-20yT & D